000 00352nam a2200181Ia 4500
100 _aStellman/Andrew
650 _aC#
250 _a2
942 _cBK
366 _f20
654 _aC#
245 _aHead first C#
260 _bShroff Publishers
_c2010
082 _a5.133
_bSTE
300 _a797
546 _aENGLISH
_cComputers
999 _c29911
_d29911